Jednota slovenských právnikov po XVI. zjazde Komunistickej strany Československa a zjazde Komunistickej strany Slovenska

Bibliographic Details
Main Author: Benčura, Ján (Author)
Format: Article
Language:Slovak
Subjects:

MARC

LEADER 00000nab a2200000 a 4500
001 vtls000153636
003 SK-MaSNL
005 20260304055930.0
008 250422c1983 xo 0 slo
015 |a SNBRB19rr/mm-uuuuu 
035 |a CL0163743 
035 |a urn:nbn:sk:snk-abczqi 
035 |a (urnnbn)urn:nbn:sk:snk:ar-007db7 
035 |a (uuid)ea5bd8b1-f82d-4078-ae7e-3db9288113dd 
040 |a SNKBUCL  |b slo  |c SNKBUCL  |e AACR2 
041 0 |a slo 
044 |a xo  |c SK 
080 |a 340  |2 1981 
100 1 |a Benčura, Ján  |4 aut  |9 943824 
245 1 0 |a Jednota slovenských právnikov po XVI. zjazde Komunistickej strany Československa a zjazde Komunistickej strany Slovenska  |c Ján Benčura 
650 0 7 |a právnici  |2 snkbucl  |9 2687 
650 0 7 |a Jednota slovenských právnikov  |2 snkbucl  |9 925103 
655 7 |a články z novín a časopisov  |2 snkbucl  |9 267496 
773 0 |t Socialistické súdnictvo  |g Roč. 35, č. 3-4 (1983), s. 1-8 
850 |a Slovenská národná knižnica 
852 |a Slovenská národná knižnica 
954 |a odborná, vedecká literatúra pôvodná (slovenská)  |2 lita 
958 |a article17 
958 |a OND 
958 |a RK 
958 |a EUIPO 
992 |a RBX 
999 |c 2726821  |d 2728751